Statistics for Bibbidy, Bobbidy, Boo - Count to 52

Click here to take the quiz!

General Stats

  • This quiz has been taken 10 times
  • The average score is 17 of 52

Answer Stats

HintAnswer% Correct
2 (Primes - Bobbidy)Bobbidy
57%
19Bobbidy
57%
22Boo
57%
15Boo
57%
14Boo
57%
6 (Products of 2 dif’t primes - Boo)Boo
57%
24Meh
57%
8 (All other numbers - Meh)Meh
57%
12Meh
57%
1 (Perfect squares - Bibbidy)Bibbidy
43%
4Bibbidy
43%
11Bobbidy
43%
7Bobbidy
43%
5Bobbidy
43%
17Bobbidy
43%
23Bobbidy
43%
10Boo
43%
28Meh
43%
32Meh
43%
20Meh
43%
18Meh
43%
16Bibbidy
29%
25Bibbidy
29%
9Bibbidy
29%
13Bobbidy
29%
29Bobbidy
29%
31Bobbidy
29%
3Bobbidy
29%
21Boo
29%
35Boo
29%
33Boo
29%
34Boo
29%
44Meh
29%
45Meh
29%
48Meh
29%
40Meh
29%
50Meh
29%
42Meh
29%
27Meh
29%
30Meh
29%
36Bibbidy
14%
49Bibbidy
14%
41Bobbidy
14%
43Bobbidy
14%
37Bobbidy
14%
47Bobbidy
14%
39Boo
14%
38Boo
14%
46Boo
14%
26Boo
14%
52Meh
14%
51Boo
0%

Score Distribution

Percentile by Number Answered

Percent of People with Each Score

Your Score History

You have not taken this quiz